| 000 | 00719nam a2200241Ia 4500 | ||
|---|---|---|---|
| 003 | OSt | ||
| 005 | 20220918202628.0 | ||
| 006 | a|||||r|||| 00| 0 | ||
| 007 | ta | ||
| 008 | 220917b |||||||| |||| 00| 0 eng d | ||
| 024 | _a102,644 | ||
| 037 | _cTextual | ||
| 040 |
_aARTS _cARTS _beng |
||
| 041 |
_2eng _aeng |
||
| 082 | _aV237.J26<-G06, L8-;3 | ||
| 100 |
_aAhluwalia M S _9104668 |
||
| 245 | 0 |
_aMuslim expansion in Rajasthan _b the relations of Delhi sultanate with Rajasthan 1206-1526 |
|
| 260 |
_aDelhi _bYugantar Prak India _c1978 |
||
| 300 |
_axiv,245p. illus _ccm. |
||
| 650 | _aHISTORY | ||
| 942 |
_hV237.J26<-G06, L8-;3 _cTEXL _2CC |
||
| 999 |
_c226096 _d226096 |
||